| 000 | 01099cam a22003257a 4500 | ||
|---|---|---|---|
| 003 | CHAP | ||
| 005 | 20220329133828.0 | ||
| 008 | 971013s1919 r 00010 d | ||
| 010 | _a11497 | ||
| 011 | _a12469 | ||
| 035 | _a15655 | ||
| 040 | _cCHAP | ||
| 082 |
_a506 _bN4 |
||
| 110 |
_aNebraska Academy of Sciences. Lincoln _980661 |
||
| 245 | 0 |
_aAnnual meeting _b: proceedings |
|
| 260 |
_aLincoln : _bThe Academy, _c19 -- 19 |
||
| 300 | _av. | ||
| 500 | _aLa biblioteca tiene: 1985, 1986, 1999 | ||
| 590 |
_aBATCH-UPD _b10 _c20130110 _lUCH01 _h1427 |
||
| 590 |
_aBATCH-UPD _b10 _c20130410 _lUCH01 _h0906 |
||
| 590 |
_aBATCH-UPD _b10 _c20130914 _lUCH01 _h1648 |
||
| 590 |
_aCONVERSION _b10 _c20130109 _lUCH01 _h1308 |
||
| 650 | 1 | 4 |
_aInstituciones científicas. _958974 |
| 650 | 1 | 4 |
_aInvestigación _xCongresos. _960228 |
| 901 | _aBK | ||
| 942 | _cLIBRO | ||
| 949 |
_a506 N4 _bBC _cLIBRO _d33724000134938 _eLIBRO _f1985 _h73100 _i15655 _mD _si |
||
| 949 |
_a506 N4 _bBC _cLIBRO _d33724000135067 _eLIBRO _h73653 _i15655 _si |
||
| 949 |
_a506 N4 _bBC _cLIBRO _d33724000795522 _eLIBRO _f1999 _gDonaciØn _h105207 _i15655 _sb |
||
| 999 |
_c11497 _d11497 |
||